000 00462nam a2200157 a 4500
001 000030665
005 20240305111025.0
008 110525s1947 pe 000 f spa d
040 _aDO-SdBNP
_bspa
_cBNPHU
082 _axxx
_bV864a
100 1 _aVizardi, Ligio
_d1895-1968
_937744
245 1 0 _aArchipiélago :
_buna novela del Caribe /
_cLigio Vizardi.
260 _aLima, Perú :
_bImprenta Torres Aguirre,
_c1947.
300 _a184 p. ;
_c21 cm.
049 _aBNPD
999 _c30157
_d30157